<?xml version="1.0" encoding="UTF-8"?>
<record
    xmlns:xsi="http://www.w3.org/2001/XMLSchema-instance"
    xsi:schemaLocation="http://www.loc.gov/MARC21/slim http://www.loc.gov/standards/marcxml/schema/MARC21slim.xsd"
    xmlns="http://www.loc.gov/MARC21/slim">

  <leader>00713nam a22002057a 4500</leader>
  <datafield tag="999" ind1=" " ind2=" ">
    <subfield code="c">70602</subfield>
    <subfield code="d">70602</subfield>
  </datafield>
  <controlfield tag="005">20200302121635.0</controlfield>
  <datafield tag="010" ind1=" " ind2=" ">
    <subfield code="a">B-483238</subfield>
  </datafield>
  <datafield tag="020" ind1=" " ind2=" ">
    <subfield code="c">400.00.</subfield>
    <subfield code="a">9788180422010</subfield>
  </datafield>
  <datafield tag="035" ind1=" " ind2=" ">
    <subfield code="a">B-483238</subfield>
  </datafield>
  <datafield tag="037" ind1=" " ind2=" ">
    <subfield code="b">BPPD</subfield>
  </datafield>
  <datafield tag="082" ind1=" " ind2=" ">
    <subfield code="a">440</subfield>
  </datafield>
  <datafield tag="100" ind1=" " ind2=" ">
    <subfield code="a">&#x62A;&#x631; &#x62A;&#x64A;&#x628; :&#x627; &#x631; &#x62A;&#x636;&#x627; &#x6A9;&#x631; &#x64A;&#x645;</subfield>
  </datafield>
  <datafield tag="245" ind1=" " ind2=" ">
    <subfield code="a">&#x627;&#x631;&#x62F;&#x648; &#x6D3;  &#x645;&#x639;&#x644;&#x6CC; : &#x63A;&#x627; &#x644;&#x628; &#x646;&#x645;&#x628;&#x631; /</subfield>
    <subfield code="c">&#x62A;&#x631; &#x62A;&#x64A;&#x628; :&#x627; &#x631; &#x62A;&#x636;&#x627; &#x6A9;&#x631; &#x64A;&#x645;</subfield>
  </datafield>
  <datafield tag="246" ind1=" " ind2=" ">
    <subfield code="a">Urdu-e- Muailla: Ghalib Number vol.II /</subfield>
    <subfield code="b">edited By Irteza Karim</subfield>
  </datafield>
  <datafield tag="260" ind1=" " ind2=" ">
    <subfield code="a">&#x62F; &#x6C1;&#x644;&#x6CC;             </subfield>
    <subfield code="b">&#x645;&#x648; &#x688; &#x631; &#x646; &#x67E;&#x628;&#x644;&#x64A;&#x634;&#x646;&#x6AF; &#x6C1;&#x627; &#x624; &#x633;</subfield>
    <subfield code="c">2011 &#x621;</subfield>
  </datafield>
  <datafield tag="270" ind1=" " ind2=" ">
    <subfield code="a">9-Gola Market, Darya Ganj </subfield>
    <subfield code="b">New Delhi </subfield>
  </datafield>
  <datafield tag="300" ind1=" " ind2=" ">
    <subfield code="a">544p.</subfield>
    <subfield code="c">22cm(Hb)     </subfield>
  </datafield>
  <datafield tag="500" ind1=" " ind2=" ">
    <subfield code="a">&#x62F;&#x648; &#x62D;&#x635;&#x6C1;</subfield>
  </datafield>
  <datafield tag="942" ind1=" " ind2=" ">
    <subfield code="2">ddc</subfield>
    <subfield code="c">UR</subfield>
    <subfield code="h">440</subfield>
    <subfield code="m">&#x63A; &#x627; &#x644;</subfield>
  </datafield>
  <datafield tag="952" ind1=" " ind2=" ">
    <subfield code="0">0</subfield>
    <subfield code="1">0</subfield>
    <subfield code="3">v.2</subfield>
    <subfield code="4">0</subfield>
    <subfield code="7">0</subfield>
    <subfield code="8">NFIC</subfield>
    <subfield code="a">L</subfield>
    <subfield code="b">L</subfield>
    <subfield code="d">2012-10-05</subfield>
    <subfield code="e">K.KPub./7/42/22/20.03.12/24/17.04.12/19.06.12</subfield>
    <subfield code="g">400.00</subfield>
    <subfield code="l">2</subfield>
    <subfield code="m">1</subfield>
    <subfield code="o">440 &#x63A; &#x627; &#x644;</subfield>
    <subfield code="p">B-483238</subfield>
    <subfield code="r">2023-08-09 00:00:00</subfield>
    <subfield code="s">2023-07-27</subfield>
    <subfield code="t">1</subfield>
    <subfield code="v">400.00</subfield>
    <subfield code="y">UR</subfield>
  </datafield>
  <datafield tag="952" ind1=" " ind2=" ">
    <subfield code="0">0</subfield>
    <subfield code="1">0</subfield>
    <subfield code="3">V-2</subfield>
    <subfield code="4">0</subfield>
    <subfield code="7">0</subfield>
    <subfield code="8">NFIC</subfield>
    <subfield code="a">DBAD</subfield>
    <subfield code="b">DBAD</subfield>
    <subfield code="d">2013-01-16</subfield>
    <subfield code="g">400.00</subfield>
    <subfield code="l">0</subfield>
    <subfield code="o">440 &#x63A; &#x627; &#x644;</subfield>
    <subfield code="p">U-6714</subfield>
    <subfield code="r">2013-01-16 00:00:00</subfield>
    <subfield code="t">1</subfield>
    <subfield code="v">400.00</subfield>
    <subfield code="w">2013-01-16</subfield>
    <subfield code="y">UR</subfield>
  </datafield>
</record>
